| 000 | 00573nam a2200181 a 4500 | ||
|---|---|---|---|
| 001 | 4936 | ||
| 003 | CDMR | ||
| 005 | 20130301113112.0 | ||
| 008 | 130130s1990||||||||||||||||||||||||||||d | ||
| 020 | _a8428513791 | ||
| 040 |
_aCDMR _bcat _cCDMR |
||
| 245 | 0 | 0 |
_aIntroducción a los medios de comunicación _c[edición preparada por Juan Antonio Carrera Páramo ; F. J. Davara Rodriguez...[et al.] |
| 260 |
_aMadrid _c1990 _bEdiciones Paulinas |
||
| 300 |
_a470 p ; _c22 cm |
||
| 490 | 0 |
_aCaminos. Serie B _v1 |
|
| 650 | 0 | 4 |
_aMitjans de comunicació de massa _9405 |
| 942 |
_cMON _2udc |
||
| 999 |
_c4936 _d4936 |
||